|
|
|
|
| LEADER |
00000nab a2200000 a 4500 |
| 001 |
vtls000934145 |
| 003 |
SK-MaSNL |
| 005 |
20260304134723.0 |
| 008 |
250505c2004 xo qr|p|||||||000 b|slo |
| 015 |
|
|
|a SNBRB2004/12
|2 snkbucl
|
| 035 |
|
|
|a (uuid)493784a2-8422-44b4-b50f-9286af50dc27
|
| 035 |
|
|
|a urn:nbn:sk:snk-ab9v56
|
| 035 |
|
|
|a (urnnbn)urn:nbn:sk:snk:ar-a08xp8
|
| 038 |
|
|
|a SNKBUCL
|
| 040 |
|
|
|a SNKBUCL
|b slo
|c SNKBUCL
|e AACR2
|
| 041 |
0 |
|
|a slo
|
| 044 |
|
|
|a xo
|c SK
|
| 080 |
|
|
|a 624.21.057.47
|x (437.6)
|2 1997
|
| 080 |
|
|
|a 69.057.47
|x (437.6)
|2 1997
|
| 100 |
1 |
|
|a Kňažko, Marián,
|d 1964-
|4 aut
|9 11317
|
| 245 |
1 |
0 |
|a Osem veľkých dní na dunajskom moste v Bratislave ukázalo silu techniky
|b zvárač sledoval presúvanie mosta cez Dunaj
|c Marian Kňažko
|
| 650 |
0 |
7 |
|a presúvanie mosta
|2 snkbucl
|9 1453027
|
| 650 |
0 |
7 |
|a zvárané konštrukcie
|2 snkbucl
|9 74448
|
| 650 |
0 |
7 |
|a oceľové mosty
|2 snkbucl
|9 3016
|
| 651 |
|
7 |
|a Most Apollo (Bratislava, Slovensko)
|2 snkbucl
|9 79188
|
| 773 |
0 |
|
|t Zvárač
|g Roč. I, č. 3 (2004), s. 27-29
|x 1336-5045
|
| 850 |
|
|
|a Slovenská národná knižnica
|
| 852 |
|
|
|a Slovenská národná knižnica
|
| 954 |
|
|
|a odborná, vedecká literatúra pôvodná (slovenská)
|2 lita
|
| 958 |
|
|
|a article13
|
| 958 |
|
|
|a OND
|
| 958 |
|
|
|a EUIPO
|
| 999 |
|
|
|c 2907880
|d 2909810
|